01226nam a22002897a 45000010005000000030006000050050017000110080041000280200018000690400029000870820012001161000017001282450076001452500045002212600049002663000043003154900032003585050008003905200271003985210029006695210020006986500026007187000038007449420015007829990015007979520124008128138FISKH20250828093923.0250828b cb ||||| |||| 00| 0 eng d a9780340655818 aFISKHbengcFISKHdFISKH a823.914 aDaniel, Lucy aRoo on the Rock /cBy Lucy Daniel : Illustrated by Shelagh McNicholas aFirst published in Great Britain in 1996 aLondon : bHolder Children's Books , c1996. a156 pages :billustrations ;c20 cm .  aAnimal Ark In Australiav18 aP  aMandy rescues an orphaned baby kangaroo but he's too young to survive on his own and will have to be sent to a zoo. Mandy hates the idea of the baby roo being stuck in captivity and racks her brains for a way to keep him in the wild. Can Mandy help Moonbeam escape? 8 a650 bLexile estimate 8 aP bRaz-Plus  a Animal ArkvFiction  aMcNicholas, Shelagheillustrator  2ddccBKn0 c8138d8138 00102ddc40708JUVFa002b002cTTP Oranged2025-08-28l0oDAN 823.914p2025-4300r2025-08-28 11:02:48w2025-08-28yBK